000 01088nam a22003137a 4500
001 336
003 FISKH
005 20240701075349.0
008 230324b cb ||||| |||| 00| 0 eng d
040 _aDLC
_cDLC
_dDLC
_dFISKH
_beng
042 _alcac
050 0 0 _aPZ8.3.G276
_bGo
082 0 0 _a813.54
100 1 _aGeisel, Theodor
_cDr.
_qTheodor Seuss Geisel
245 1 0 _aGreat day for up!
_cPictures by Quentin Blake.
260 _aNew York :
_bRandom House.
_c1974.
300 _a15 leaves of plates
_bcol. illus.
_c24 cm.
490 0 _aA Bright & early book, 19
505 _aD
520 _aRhymed text and illustrations introduce the many meanings of "up."
521 8 _a230
_bLexile
521 8 _aD
_bRaz-Plus
650 1 _aStories in rhyme.
700 1 _aBlake, Quentin,
_eillus.
856 4 2 _3Contributor biographical information
_uhttp://www.loc.gov/catdir/bios/random051/74005517.html
856 4 2 _3Publisher description
_uhttp://www.loc.gov/catdir/description/random0413/74005517.html
906 _a7
_bcbc
_corignew
_d1
_eocip
_f19
_gy-gencatlg
942 _2ddc
_cBK
_n0
999 _c336
_d336